| 000 | 00719nam a2200229 a 4500 | ||
|---|---|---|---|
| 001 | 55753 | ||
| 003 | BD-RjUL | ||
| 005 | 20211209080317.0 | ||
| 008 | 161121b19711969enkp|||| |||| 001 0 eng d | ||
| 020 | _a0435344803 | ||
| 035 | _a(BD-RjUL)55877 | ||
| 040 |
_dBD-RjUL _beng _aBD-RjUL _cBD-RjUL |
||
| 041 | _aeng | ||
| 082 |
_223 _a915 _bJOS 1971 |
||
| 100 | 1 |
_aJohnson, B. L. C. _9166030 |
|
| 245 | 1 | 0 |
_aSouth Asia: selective studies of the essential geography of India, Pakistan and Ceylon _cB. L. C. Johnson. |
| 260 |
_aLondon : _bHeinemann Educational, _cc1969 [reprinted 1971] |
||
| 300 |
_axii, 164 p. : _bill. ; _c24 cm. |
||
| 500 | _aIncludes index | ||
| 651 | 0 |
_aSouth Asia _xGeography. _9166031 |
|
| 942 |
_2ddc _cBK |
||
| 999 |
_c55753 _d55753 |
||